00885nam a22001937a 450000500170000000700150001700800410003202000220007303500100009504000090010524500910011425600240020526000360022930000280026550602700029365000490056374000380061285600410065020240305165611.0cr|||| |||| 210811s2018 ca |||||s|||| 00||0 eng d a978-1-55221-487-9 a34998 avLex00aLabour and employment lawh[Recurso electrónico] :bCases, Materials, and Commentary aServicio en línea aToronto:bIrwin Law Inc.,c2018 a1 recurso electrónico1 aDisponible solo en los productos indicadosdvLex GlobaldvLex Global (Academic Edition, excluding Law Schools)dvLex Global (U.S. Academic Edition, Law Schools)dvLex Global (U.S. Academic Edition, excluding Law Schools)dvLex Global (Academic Edition, Law Schools)04aDerecho Laboral y Seguridad SocialzCanadá0 avLex Libros (Servicio en línea)40uhttps://app.vlex.com/#/sources/34998